| 000 | 00510cam a2200193ua 4500 | ||
|---|---|---|---|
| 005 | 20260429080245.0 | ||
| 008 | 111212n ii |||gr||||Z||||||asm | ||
| 040 | _cMAIN | ||
| 082 |
_a891.4511 _bTAN |
||
| 100 | 1 |
_aTanti, Sananta, _eauthor |
|
| 245 | 1 | 1 |
_aMoi manuhar amal utsav/ _cby Sananta Tanti |
| 250 | _a2nd. | ||
| 260 |
_aGuwahati: _bLawyers book stall, _c1997. |
||
| 300 |
_a52p: _c23cm. |
||
| 650 | _aAssamese poetry | ||
| 653 | _aAssamese poem | ||
| 653 | _aMoi manuhar amal utsav | ||
| 942 |
_cBK _2ddc |
||
| 999 |
_c3816 _d3816 |
||